000 00317nam a22001337a 4500
008 181106b xxu||||| |||| 00| 0 eng d
020 _a9781413031904
041 _aeng
080 _22nd
_a371
100 _a46
101 _aEDU
245 _aStep by Step to College & Career Success
_cGardner,J.N
942 _2udc
_cBK
999 _c52029
_d52029